To Survive and to Prevail/ (Record no. 202609)
[ view plain ]
| 000 -LEADER | |
|---|---|
| fixed length control field | 00545 a2200193 4500 |
| 005 - DATE AND TIME OF LATEST TRANSACTION | |
| control field | 20240503120043.0 |
| 010 ## - LCCN (DPL NO) | |
| LC control number | B-758851 |
| 020 ## - INTERNATIONAL STANDARD BOOK NUMBER | |
| Terms of availability | 200.00 |
| 035 ## - SYSTEM CONTROL NUMBER | |
| System control number | B-758851 |
| 037 ## - SOURCE OF ACQUISITION | |
| Source of stock number/acquisition | Gift/Unesco |
| 082 ## - DEWEY DECIMAL CLASSIFICATION NUMBER | |
| Classification number | S |
| 100 ## - MAIN ENTRY--PERSONAL NAME | |
| Personal name | Mishkaben, Marija Sree |
| 245 ## - TITLE STATEMENT | |
| Title | To Survive and to Prevail/ |
| Remainder of title | Marija Sree Mishkaben |
| 260 ## - PUBLICATION, DISTRIBUTION, ETC. (IMPRINT) | |
| Place of publication, distribution, etc | New Delhi |
| Name of publisher, distributor, etc | Indian Social Institute |
| Date of publication, distribution, etc | 1969 |
| 270 ## - ADDRESS | |
| Address | New Delhi |
| 300 ## - PHYSICAL DESCRIPTION | |
| Extent | vii, 156 p.; |
| Dimensions | 22cm. (hb) |
| 942 ## - ADDED ENTRY ELEMENTS (KOHA) | |
| Institution code [OBSOLETE] | dpl |
| Item type | English Books |
| Source of classification or shelving scheme | Dewey Decimal Classification |
| Classification part | S |
| Call number suffix | MIS |
| Withdrawn status | Lost status | Not for loan | Collection code | Home library | Current library | Date acquired | Source of acquisition | Cost, normal purchase price | Full call number | Barcode | Copy number | Cost, replacement price | Koha item type | Public note |
|---|---|---|---|---|---|---|---|---|---|---|---|---|---|---|
| Fiction | Narela | Narela | 03/05/2024 | Gift/29.4.24 | 200.00 | S MIS | B-758851 | 1 | 200.00 | English Books | Gift |
